1985 1106 1002 1857 1692 1028 1454 1863 1190 1263 1611 1619 1358 1203 1485 1903 1608 1967 1778 1014 1319 1518 1979 1086 1121 1294 1515 1299 1001 1517 1925 1957 1428 1141 1746 1677 1199 1838 1575 1345 1273 1428 1552 1661 1231 1040 1597 1687 1920 1231 1986 1729 1102 1361 1490 1374 1346 1551 1530 1452 1389 1917 1489 1011 1433 1073 1151 1603 1368 1932 1671 1621 1107 1916 1383 1399 1861 1759 1921 1759 1013 1773 1633 1418 1339 1860 1654 1026 1652 1399 1311 1808 1114 1522 1338 1389 1111 1516 1537 BCNSPRNW ULIB Ver.6.0+V

เปลี่ยนเป็นภาษาไทย

Change to English
 แสดงรายละเอียดบรรณานุกรม
  กลับหน้าหลัก

Brief Record : Get Marc (ISO 2709) : E-mail record : QR code < ปิดหน้าต่าง
LEADER : 00000nas 2200000uu 4500
001    13399121277
003     ULIB
008    020711s|||| th a 000 0 tha d
022    08577927
110    วิทยาลัยพยาบาลบรมราชชนนี กรุงเทพ
245    วารสารวิทยาลัยพยาบาลบรมราชชนนี กรุงเทพ/^cวิทยาลัยพยาบาลบรมราชชนนี กรุงเทพ
260    กรุงเทพฯ :^bวิทยาลัยพยาบาลบรมราชชนนี กรุงเทพ,^cม.ป.ป.
310    ^aราย 6 เดือน
850 ^a ULIB^bปีที่ 28 ฉบับที่ 1 ;ปีที่ 31 ฉบับที่ 1 ฉ.1 ;ปีที่ 31 ฉบับที่ 2 ฉ.1 ;ปีที่ 31 ฉบับที่ 3 ฉ.1
945    ^p0^l0^i900864
945    ^p0^l0^i903262
945    ^p0^l0^i903608
945    ^p0^l0^i903877
999    ^aวรรณษา ชูชัยมงคล
รายการนี้ยังไม่มีแท็ก
คุณยังไม่ได้ล็อกอิน คุณสามารถมีกิจกรรมร่วมกับเว็บไซต์ได้ แต่ต้องล็อกอินก่อน ::
  ล็อกอิน

รายการสื่อสารสนเทศ (วารสาร)

ดูแบบ: กล่อง รายการ
ARRIVED
ปีที่ 28 ฉบับที่ 1
สถานที่: ห้องสมุดวิทยาเขตสวรรค์ประชารักษ์ >วารสาร
ARRIVED
ปีที่ 31 ฉบับที่ 1 ฉ.1
สถานที่: ห้องสมุดวิทยาเขตสวรรค์ประชารักษ์ >หนังสือพิมพ์
ARRIVED
ปีที่ 31 ฉบับที่ 2 ฉ.1
สถานที่: ห้องสมุดวิทยาเขตสวรรค์ประชารักษ์ >วารสาร
ARRIVED
ปีที่ 31 ฉบับที่ 3 ฉ.1
สถานที่: ห้องสมุดวิทยาเขตสวรรค์ประชารักษ์ >วารสาร

BibComment


ยังไม่เคยถูกคอมเมนท์

คอมเมนท์ทรัพยากรรายการนี้
  คอมเมนท์: วารสารวิทยาลัยพยา..


 Copyright 2026. Bcnsprnw @Library